personnes connues dans le passé 3 - Statistiques

Statistiques générales
  • Ce quiz a été pris 10 fois
  • Le résultat moyen est 6 sur 16
Statistiques - réponses
Par images Réponse % Correct
jean yanne
75%
alice sapritch
63%
pierre desproges
63%
bernadette lafont
50%
choron
50%
haroun tazieff
50%
andre gaillard
38%
andre torrent
38%
jean pierre descombes
38%
laurence badie
38%
alain jerome
25%
chantal gallia
25%
colette castel
25%
jacques seiler
25%
albert prejean
13%
jean christophe averty
13%
Aucun quiz correspondant
Distribution des résultats
% des personnes avec chaque résultat
Percentile par nombre de réponses
Votre historique - résultats
Vous n’avez pas pris ce quiz